|
|
|
|
| LEADER |
00802nam a2200205 a 4500 |
| 001 |
c000071965 |
| 003 |
CARM |
| 005 |
00000000000000.0 |
| 008 |
920723s1971 it 0 eng u |
| 019 |
1 |
|
|a 13047986
|z 8799922
|z 53532941
|z 58020765
|z 66692705
|5 LACONCORD2021
|
| 035 |
|
|
|a (OCoLC)535033
|5 LACONCORD2021
|
| 100 |
1 |
|
|a Hall, Robert A.
|q (Robert Anderson),
|d 1911-
|
| 245 |
1 |
3 |
|a La struttura dell'italiano :
|b bresentazione di Luigi Heilmann
|
| 260 |
|
|
|a Roma :
|b Armando,
|c 1971
|
| 300 |
|
|
|a 431 p.
|
| 504 |
|
|
|a Bibliography: p.411-421
|
| 650 |
|
0 |
|a Italian language.
|
| 852 |
8 |
|
|b CARM
|h A2:AB08A0
|i B02545
|p 0094052
|f BK
|
| 999 |
f |
f |
|i 97b58d91-fe99-562e-be59-463c0a76a7ab
|s e73aea02-f99a-52d2-9c13-6ae1fb0b0c5e
|
| 952 |
f |
f |
|p Can circulate
|a CAVAL
|b CAVAL
|c CAVAL
|d CARM 1 Store
|e B02545
|f A2:AB08A0
|h Other scheme
|i book
|m 0094052
|